Statistics for Mortal Kombat Signature Weapons Quiz

Click here to take the quiz!

General Stats

  • This quiz has been taken 46 times
  • The average score is 15 of 20

Answer Stats

Character Name Power/Weapon % Correct
Kung LaoHat
92%
Sub-ZeroIce/Daggers
89%
Shao KhanWrath Hammer
89%
RaidenSpear/Lightning
89%
KenshiSword
89%
JadeAmulet Staff
81%
Kung JinBow and Arrows
81%
Erron BlackRevolvers
78%
BarakaHidden Blades
75%
RainWater
75%
ScorpionKunai/Fire
75%
ReptileAcid
75%
KitanaFans/Boomerangs
75%
TremorRock/Earth
72%
KanoKnives
72%
MileenaSai
69%
ErmacTelekinesis/Absorbed Souls
61%
TakedaBladed Whip
58%
SindellHair
47%
Night WolfSpirit World/Hatchets
33%

Score Distribution

Percentile by Number Answered

Percent of People with Each Score

Your Score History

You have not taken this quiz